Bile salts of the west Indian manatee, Trichechus manatus latirostris: novel bile alcohol sulfates and absence of bile acids (Registro nro. 9689)

Detalles MARC
000 -CABECERA
Campo de control 009570000a22002890004500
090 ## - CLASIFICACIÓN LOCAL
Colección AR
Consecutivo 00597
041 0# - IDIOMA
Código de idioma para texto/pista de sonido o título separado
100 1# - ASIENTO PRINCIPAL--NOMBRE PERSONAL
Nombre personal Kuroki, S.
245 10 - MENCION DE TITULO
Título Bile salts of the west Indian manatee, Trichechus manatus latirostris: novel bile alcohol sulfates and absence of bile acids
650 14 - ASIENTO SECUNDARIO DE MATERIA - TERMINO TEMATICO
Término temático o nombre geográfico como elemento de entrada Mamíferos acuáticos
650 14 - ASIENTO SECUNDARIO DE MATERIA - TERMINO TEMATICO
Término temático o nombre geográfico como elemento de entrada Fisiología
650 14 - ASIENTO SECUNDARIO DE MATERIA - TERMINO TEMATICO
Término temático o nombre geográfico como elemento de entrada Bioquímica
651 #4 - ASIENTO SECUNDARIO DE MATERIA - NOMBRE GEOGRAFICO
-- Florida
-- Estados Unidos
653 ## - TERMINO DE INDIZACION - NO CONTROLADO
-- Trichechus
-- Trichechus manatus
-- manatí
700 1# - ASIENTO SECUNDARIO - NOMBRE PERSONAL
Nombre personal Odell, Daniel K.
700 1# - ASIENTO SECUNDARIO - NOMBRE PERSONAL
Nombre personal Schteingart, C. D.
700 1# - ASIENTO SECUNDARIO - NOMBRE PERSONAL
Nombre personal Hagey, L. R.
700 1# - ASIENTO SECUNDARIO - NOMBRE PERSONAL
Nombre personal Mosbach, E. H.
700 1# - ASIENTO SECUNDARIO - NOMBRE PERSONAL
Nombre personal Rossi, S. S.
700 1# - ASIENTO SECUNDARIO - NOMBRE PERSONAL
Nombre personal Hofmann, A. F.
700 1# - ASIENTO SECUNDARIO - NOMBRE PERSONAL
Nombre personal Matoba, N.
700 1# - ASIENTO SECUNDARIO - NOMBRE PERSONAL
Nombre personal Une, M.
700 1# - ASIENTO SECUNDARIO - NOMBRE PERSONAL
Nombre personal Hoshita, T.
700 1# - ASIENTO SECUNDARIO - NOMBRE PERSONAL
Nombre personal Cohen, B. I.
773 1# - Item fuente:
Título Journal of Lipid Research
Especificación de materiales 229
Descripción física 29
Paginas del Articulo 509-522
Lugar, editorial y fecha de publicación 1988
Información sobre la relación 29
942 ## - ELEMENTOS ADICIONALES (KOHA)
Tipo de ítem Artículo
Existencias
Withdrawn status Lost status Damaged status No para préstamo Colección Ubicación Permanente Ubicación actual Fecha de adquisición Fuente de Valor Datos de publicación Seriada Total Checkouts Número topográfico Inventario / Código de Barras Date last seen Ejemplar Price effective from Forma de adquisición Tipo de material
      No para Préstamo Hemeroteca Bogotá Bogotá 27/02/2015 Instituto de Ciencias Naturales Fuera de circulación   AR 00597 010912 25/03/2015 1 25/03/2015   Artículo